000 00648cam a22002531 4500
001 sa 66003536
003 DLC
005 20260227112236.0
008 891002m19641968ii 000 0 urdr
010 _asa 66003536
035 _a(OCoLC)20426782
040 _aDLC
_cWaU
_dDLC
041 0 _aurdara
042 _apremarc
050 0 0 _aBP104.8
_b.A92
130 0 _aQurʼan.
245 1 0 _aTarjumān al-Qurʼān.
260 _c[1964-68]
300 _a4 v.
_c21 cm.
500 _aArabic and Urdu; commentary in Urdu.
500 _aText partially vocalized.
630 0 0 _aQurʼan
_xCommentaries.
700 1 _aĀzād, Abūlkalām,
_d1888-1958.
999 _c68936
_d68936